书目信息 |
| 题名: |
天文普及年历
|
|
| 作者: | ;紫金山天文台 , 北京天文馆 编 | |
| 分册: | ||
| 出版信息: | 北京 科学出版社 1984 |
|
| 页数: | 188页 | |
| 开本: | 19cm | |
| 丛书名: | ||
| 单 册: | ||
| 中图分类: | P197.1 | |
| 科图分类: | ||
| 主题词: | 天文年历--中国--1985 | |
| 电子资源: | ||
| ISBN: | ||
| 000 | 00724nam0 2200253 45 | |
| 001 | 0184002454 | |
| 005 | 20040520163952.3 | |
| 010 | @dCNY0.80 | |
| 091 | @a13031.2711 | |
| 100 | @a19950314d1984 em y0chiy0121 ea | |
| 101 | 0 | @achi |
| 102 | @aCN@b110000 | |
| 105 | @ay z 000yy | |
| 106 | @ar | |
| 200 | 10 | @a天文普及年历@Atian wen pu ji nian li@e1985@f紫金山天文台,北京天文馆编 |
| 210 | @a北京@c科学出版社@d1984 | |
| 215 | @a188页@d19cm | |
| 606 | @a天文年历@y中国@z1985 | |
| 690 | @aP197.1@v3 | |
| 711 | 02 | @a紫金山天文台@Azi jin shan tian wen tai@4编 |
| 711 | 02 | @a北京天文馆@Abei jing tian wen guan@4编 |
| 801 | 0 | @aCN@b上海图书馆@c20040520 |
| 801 | 2 | @aCN@bNLC@c20040520 |
| 905 | @f2@b120026-027@dP197.1@e26 | |
| 天文普及年历:1985/紫金山天文台,北京天文馆编.-北京:科学出版社,1984 |
| 188页;19cm |
| ISBN :CNY0.80 |
| ● |
| 相关链接 |
|
|
|
|
正题名:天文普及年历
索取号:P197.1/26
 
预约/预借
| 序号 | 登录号 | 条形码 | 馆藏地/架位号 | 状态 | 备注 |
| 1 | 0120026 | 000628333 | 第三借阅区/ [索取号:P197.1/26] | 在馆 | |
| 2 | 0120027 | 000628342 | 第三借阅区/ [索取号:P197.1/26] | 在馆 | |
| 3 | 0120028 | 202101581 | 第二样本阅览室/ [索取号:P197.1/26] | 在馆 |